000 00397nmm a2200145Ia 4500
008 251105s9999||||xx |||||||||||||||||und||
041 _aspa
100 _aBusquets, Milena
245 0 _aHoy he conocido a alguien
264 _a[Madrid, España] :
_bEdiciones B,
_c2015
300 _a172 páginas
650 _aRomance
856 _uhttps://public.digitaliapublishing.com/a/54093
942 _cCF
999 _c105554
_d105554